00376 2200145 4500001002100000008004100021035002000062245003500082100002000117260003400137300002000171082000800191650001800199990001300217INLIS000000000000107 ind  a0010-0322000107 aTEKA-TEKI ROCKY SI KOBOIcIKHA aSTELLA MAIDMENT aSOLObPT TIGA SERANGKAIc2012 a32 hlm.c26 cm. a823 aFIKSI INGGRIS a102271-1